Taylor Swift Songs 10 - Statistics

General Stats
  • This quiz has been taken 16 times
  • The average score is 165 of 272
Answer Stats
% Correct
a
100%
I
92%
the
92%
The
92%
can
85%
do
85%
it
85%
it,
85%
love
85%
my
85%
and
77%
For
77%
I´m
77%
me
77%
so
77%
So
77%
to
77%
you
77%
your
77%
at
69%
can´t
69%
In
69%
in
69%
no
69%
on
69%
The Tortured Poets Department
69%
they
69%
bad,
62%
bad
62%
bad)
62%
cryin´
62%
down
62%
Down
62%
(down
62%
Down Bad
62%
Fuck
62%
fuck
62%
gym
62%
have
62%
him
62%
if
62%
is
62%
Just
62%
just
62%
not
62%
Now
62%
now?
62%
of
62%
one
62%
think
62%
us
62%
alone
54%
´Cause
54%
cosmic
54%
Did
54%
Everything
54%
get
54%
How
54%
it´s?
54%
it´s
54%
knew
54%
leave
54%
(like
54%
might
54%
moment,
54%
take
54%
that
54%
That
54%
Then
54%
was
54%
where
54%
Where
54%
would
54%
all
46%
All
46%
blood
46%
chosen
46%
clothes
46%
cloud
46%
come
46%
dare
46%
dust
46%
fort
46%
here,
46%
Leaving
46%
make
46%
naked
46%
out
46%
pick
46%
really
46%
romantic
46%
safe
46%
say
46%
some
46%
sparkling
46%
Starin´
46%
teenage
46%
Tell
46%
than
46%
this
46%
up
46%
up,
46%
back
38%
beam
38%
bigger
38%
came
38%
closer
38%
comes
38%
die,
38%
difference
38%
experiments
38%
from?
38%
loved
38%
old
38%
petulance
38%
planet
38%
same
38%
seems
38%
stay
38%
stranded?
38%
takeovers
38%
town
38%
understand
38%
(Ah)
31%
exposures
31%
field
31%
heavenstruck
31%
hollow
31%
hostile
31%
indecent
31%
lost
31%
nuts
31%
send
31%
ship)
31%
sky,
31%
somehow
31%
twin)
31%
wakin´
31%
(wavin´
31%
world
31%
about
23%
build
23%
Encounters
23%
existence
23%
I´ll
23%
Show
23%
talk
23%
They´ll
23%
No matching quizzes found
Score Distribution
Percent of People with Each Score
Percentile by Number Answered
Your Score History
You have not taken this quiz